00537cam a22002291 4500001001300000003000400013005001700017008004100034010001700075035002000092040001800112042001200130050001900142100002200161245002300183260001100206300001800217500001300235500003000248500001200278999001700290sa 65008684 DLC20260227112156.0890619s1963 ii 000 0 urdr  asa 65008684  a(OCoLC)19890368 aDLCcWaUdDLC apremarc00aPK2200.C5bD251 aChandar, Krishan.10aDarvāze khol do. c[1963] a96 p.c18 cm. aIn Urdu. aText partially vocalized. aA play. c65789d65789